Archer Quotes - Statistics

General Stats
  • This quiz has been taken 386 times
  • The average score is 10 of 18
Answer Stats
Character Quote Answer % Correct
Archer "Danger ____!" Zone
92%
Archer When something is said that could be taken inappropriately. Phrasing
89%
Various "Do you want ____? Because that's how you get ____." Ants
86%
Archer "I swear to god I had __________ for this." Something
86%
Archer "Can't or ___'_?" Won't
86%
Cheryl "You're not my __________!" Supervisor
84%
Archer "Just the ___." Tip
84%
Archer "____ a book." Read
82%
Pam "Holy __________!" Shitsnacks
73%
Various When something is getting you all hot. Sploosh!
59%
Archer When you're getting yourself pumped up. Rampage
46%
Archer "I can't stop drinking all at once, the __________ ________ would kill me." Cumulative Hangover
41%
Archer "______ doing _____ things, because they're ______." Idiots
28%
Archer "Do you ___?" Not
25%
Archer After you've done some heavy day drinking. "Power ________." Blackout
19%
Pam "I'm ______ Jones!" Pacman
19%
Archer "Look at his ______ ears!" Tufted
10%
Pam "You're not my friend, you're a __________!" Decepticon
9%
No matching quizzes found
Score Distribution
Percent of People with Each Score
Percentile by Number Answered
Your Score History
You have not taken this quiz